<?xml version="1.0" encoding="UTF-8"?>
<marc:record xmlns:marc="http://www.loc.gov/MARC21/slim">
   <marc:leader>00000nam a2200000 a 4500</marc:leader>
   <marc:datafield ind1="1" ind2=" " tag="100">
      <marc:subfield code="a">Kurbjuweit, Dirk</marc:subfield>
      <marc:subfield code="4">aut</marc:subfield>
      <marc:subfield code="e">Verfasser/-in</marc:subfield>
   </marc:datafield>
   <marc:datafield ind1="0" ind2="0" tag="245">
      <marc:subfield code="a">Der Ausflug</marc:subfield>
   </marc:datafield>
   <marc:datafield ind1="0" ind2="0" tag="245">
      <marc:subfield code="c">Kurbjuweit, Dirk</marc:subfield>
   </marc:datafield>
   <marc:datafield ind1=" " ind2="1" tag="264">
      <marc:subfield code="c">2022</marc:subfield>
   </marc:datafield>
   <marc:datafield ind1=" " ind2=" " tag="250">
      <marc:subfield code="a">1. Auflage</marc:subfield>
   </marc:datafield>
   <marc:datafield ind1="1" ind2=" " tag="520">
      <marc:subfield code="a">Amalia, Josef, Gero und Bodo, Freunde seit Kindheitstagen, haben sich zu einer sommerlichen Kanutour verabredet. Kaum sind sie an ihrem Ausflugsziel angekommen, verdichten sich die Anzeichen, dass sie hier nicht willkommen sind. Vor allem Josef, der Schwarz ist, bekommt die Ablehnung von Menschen zu spüren, die aus Prinzip gegen alles Fremd-Aussehende sind. Doch soll man sich von ein paar ewiggestrigen Provinzlern einschüchtern lassen? Einfach klein beigeben? – Amalia, Josef, Gero und Bodo entscheiden sich dafür, zu bleiben, und ab da gibt es kein Zurück mehr. Jeder Schritt weiter ist einer auf den Abgrund zu. Alle ahnen, dass dieser Ausflug kein gutes Ende nehmen wird. Doch keiner will es wahrhaben. Schon bald geht es nicht mehr um ein sommerliches Abenteuer, sondern nur noch darum, mit heiler Haut davonzukommen.</marc:subfield>
   </marc:datafield>
   <marc:datafield ind1=" " ind2=" " tag="020">
      <marc:subfield code="a">9783328601715</marc:subfield>
      <marc:subfield code="9">9783328601715</marc:subfield>
   </marc:datafield>
   <marc:datafield ind1=" " ind2=" " tag="041">
      <marc:subfield code="a">ger</marc:subfield>
   </marc:datafield>
   <marc:datafield ind1=" " ind2=" " tag="300">
      <marc:subfield code="a">186 Seiten</marc:subfield>
   </marc:datafield>
</marc:record>
